|
|
|
|
| LEADER |
00000cam a2200000 a 4500 |
| 001 |
vtls008405333 |
| 003 |
SK-MaSNL |
| 005 |
20260301093931.0 |
| 008 |
250313s1939 xo ob grn 000 0 slo |
| 015 |
|
|
|a SNBA19391941-001772
|
| 020 |
|
|
|q (brožované)
|
| 035 |
|
|
|a SK01SNKBKSD120020097550
|
| 035 |
|
|
|a urn:nbn:sk:snk-am3ierk
|
| 035 |
|
|
|a urn:nbn:sk:snk-am00e78s
|
| 035 |
|
|
|a 799C8DCD-0004-4DCB-98E4-1E06298C9CFD
|
| 035 |
|
|
|a SKM000100013
|
| 040 |
|
|
|a SNK
|b slo
|c SNK
|e AACR2
|
| 041 |
0 |
|
|a slo
|
| 044 |
|
|
|a xo
|c SK
|
| 080 |
|
|
|a 551.79
|2 2001
|
| 080 |
|
|
|a 551.7
|2 2001
|
| 080 |
|
|
|a (048.8)
|2 2011
|
| 100 |
1 |
|
|a Volko-Starohorský, Ján,
|d 1880-1977
|4 aut
|9 63895
|
| 245 |
1 |
0 |
|a Štvrtovršie
|b kvartér či antropozoikum
|c Ján Volko-Starohorský
|
| 260 |
|
|
|a V Liptovskom Sv. Mikuláši
|b Múzeum Slovenského krasu
|c 1939
|e Liptovský Sv. Mikuláš
|f Bratia Rázusovci
|
| 300 |
|
|
|a 176 strán, 12 nečíslovaných strán obrazových príloh
|b fotografie, mapy
|c 24 cm
|
| 504 |
|
|
|a Bibliografia na strane 167-171 ; vysvetlivky obrázkov a mapiek ; zoznam obrázkov v texte
|
| 650 |
0 |
7 |
|a štvrtohory
|2 SNKPH
|9 83815
|
| 650 |
0 |
7 |
|a historická geológia
|2 SNKPH
|9 67992
|
| 655 |
|
7 |
|a štúdie
|2 SNKPH
|9 57033
|
| 752 |
|
|
|a Slovensko
|d Liptovský Sv. Mikuláš
|
| 852 |
|
|
|a Slovenská národná knižnica
|
| 958 |
|
|
|a OND
|
| 958 |
|
|
|a RK
|
| 958 |
|
|
|a TL
|
| 958 |
|
|
|a NB
|
| 999 |
|
|
|c 678660
|d 680590
|
| 952 |
|
|
|a SNK
|b SNK
|y PREZ
|7 0
|p 17A0772595
|o snkSC 6506
|i snk5387/55
|0 0
|1 0
|4 0
|d 2019-05-07
|f 1
|l 0
|r 2025-07-04 00:00:00
|w 2026-02-23
|